| 000 | 01448nam0a22003251 4500 | ||
|---|---|---|---|
| 001 | rc\3604950 | ||
| 005 | 20130115143321.2 | ||
| 021 |
_aRU _b[69-73645] |
||
| 035 | _a(NLR Aleph) 007814222 | ||
| 090 |
_a7723273 _c7723273 |
||
| 100 | _a20130115d1969 |||y0rusy50 ca | ||
| 101 | 0 | _arus | |
| 102 | _aRU | ||
| 105 | _aa z ||||| | ||
| 200 | 1 |
_aПроблемы изоляции высоковольтных трансформаторов _e[Доклад] _e(Науч.-техн. совещание по трансформаторостроению. г. Тольятти, сент. 1969 г.) |
|
| 210 |
_aМосква _c[Информэлектро] _d1969 |
||
| 215 |
_a23 с. _cчерт. _d22 |
||
| 300 | _aНа 3-й с. авт.: З.М. Белецкий, Р.П. Долюк, В.М. Чорноготский, В.Г. Максимович | ||
| 320 | _aБиблиогр.: с. 22-23 (16 назв.) | ||
| 606 |
_aТрансформаторы высоковольтные _xИзоляция _2psbo |
||
| 701 | 1 |
_aДолюк _bР. П. |
|
| 701 | 1 |
_aЧорноготский _bВ. М. |
|
| 701 | 1 |
_aБелецкий _bЗ. М. |
|
| 701 | 1 |
_aМаксимович _bВ. Г. |
|
| 712 | 1 | 2 |
_aНаучно-техническое совещание по трансформаторостроению _f1969 _eТольятти _3RU\NLR\AUTH\8810116066 |
| 801 | 0 |
_aRU _bNLR _gpsbo |
|
| 801 | 1 |
_aRU _bELAR _2rusmarc |
|
| 852 |
_aNLR _j69-6/8437 |
||
| 942 | _cBOOK | ||
| 980 | _aNB | ||